[Event "World Rapid Final"]
[Site "Astana KAZ"]
[Date "2012.07.06"]
[Round "1"]
[White "Kazhgaleyev, Murtas"]
[Black "Carlsen, Magnus"]
[Result "0-1"]
[WhiteTitle "GM"]
[BlackTitle "GM"]
[WhiteElo "2589"]
[BlackElo "2837"]
[WhiteFideId "13700316"]
[BlackFideId "1503014"]
[EventDate "2012.07.01"]

1. e4 e5 2. Nf3 Nc6 3. Bc4 Bc5 4. c3 Nf6 5. d3 O-O 6. Bb3 d6 7. h3 Ne7 8. O-O
Ng6 9. Nbd2 c6 10. d4 Bb6 11. Re1 Re8 12. Bc2 h6 13. Nf1 Nh5 14. Ne3 Nhf4 15.
Nf5 Qf6 16. g3 Nxh3+ 17. Kg2 d5 18. dxe5 Nxe5 19. Nxe5 Rxe5 20. f4 Rxe4 21. Bxe4
Nf2 22. Qh5 Nxe4 23. Nh4 Bd7 24. Be3 Bxe3 25. Rxe3 g5 26. Nf3 gxf4 27. Ree1 Qg7
28. Qh4 Qxg3+ 29. Qxg3+ fxg3 30. Nd4 h5 31. Rh1 Bg4 32. Rae1 Kg7 33. Ne2 Nf2 34.
Rxh5 Bxh5 35. Nxg3 Nd3 36. Nxh5+ Kg6 37. Rh1 Rh8 0-1

[Event "World Rapid Final"]
[Site "Astana KAZ"]
[Date "2012.07.06"]
[Round "1"]
[White "Svidler, Peter"]
[Black "Radjabov, Teimour"]
[Result "1/2-1/2"]
[WhiteTitle "GM"]
[BlackTitle "GM"]
[WhiteElo "2749"]
[BlackElo "2788"]
[WhiteFideId "4102142"]
[BlackFideId "13400924"]
[EventDate "2012.07.01"]

1. Nf3 Nf6 2. c4 g6 3. g3 Bg7 4. Bg2 O-O 5. Nc3 d6 6. d4 Nbd7 7. O-O e5 8. e4
exd4 9. Nxd4 Re8 10. h3 Nc5 11. Re1 Bd7 12. Bf4 h6 13. Qc2 Nfxe4 14. Nxe4 Bxd4
15. Qd2 Bg7 16. Nxc5 dxc5 17. Bxh6 Be6 18. Qf4 Bxh6 19. Qxh6 Qf6 20. b3 c6 21.
Qe3 Bxh3 22. Qxc5 Bxg2 23. Kxg2 b6 24. Qb4 Kg7 25. Rxe8 Rxe8 26. Re1 Rxe1 27.
Qxe1 Qb2 28. Qe3 Qxa2 29. Qd4+ Kg8 30. Qd8+ Kg7 31. Qd4+ Kg8 32. Qd8+ Kg7 1/2-1/2

[Event "World Rapid Final"]
[Site "Astana KAZ"]
[Date "2012.07.06"]
[Round "1"]
[White "Kurnosov, Igor"]
[Black "Ivanchuk, Vassily"]
[Result "1/2-1/2"]
[WhiteTitle "GM"]
[BlackTitle "GM"]
[WhiteElo "2663"]
[BlackElo "2769"]
[WhiteFideId "4142527"]
[BlackFideId "14100010"]
[EventDate "2012.07.01"]

1. e4 e5 2. Nf3 Nc6 3. Bb5 a6 4. Ba4 d6 5. c3 g6 6. d4 Bd7 7. O-O Bg7 8. d5 Nce7
9. c4 h6 10. Nc3 f5 11. Bxd7+ Qxd7 12. Ne1 Nf6 13. f3 O-O 14. Nd3 Rf7 15. c5 c6
16. dxc6 Nxc6 17. Be3 d5 18. exd5 Nxd5 19. Nxe5 Nxe3 20. Qxd7 Rxd7 21. Nxd7 Rd8
22. Nb6 Bd4 23. Nba4 Ne5 24. Ne2 Nxf1+ 25. Kxf1 Be3 26. b4 Rd2 27. Nac3 a5 28.
a3 Nc4 29. Rd1 Kf7 30. Rxd2 Bxd2 31. bxa5 Nxa5 32. Nb5 Ke6 33. Nec3 Nb3 34. Ke2
Bxc3 35. Nxc3 Nxc5 36. Ke3 Ke5 37. f4+ Kd6 38. g3 Ne6 39. Kd3 Kc5 40. Na4+ Kb5
41. Nc3+ Kc5 42. Na4+ Kc6 43. Nc3 b5 44. Na2 h5 45. Nb4+ Kd6 46. Nc2 h4 47. Nd4
Nxd4 48. Kxd4 h3 49. Kc3 Kc5 50. Kd3 Kd5 51. Kc3 Ke4 52. Kc2 Ke3 53. Kc3 Ke2 54.
Kc2 Ke3 55. Kc3 Ke2 56. Kc2 1/2-1/2

[Event "World Rapid Final"]
[Site "Astana KAZ"]
[Date "2012.07.06"]
[Round "1"]
[White "Gelfand, Boris"]
[Black "Karjakin, Sergey"]
[Result "0-1"]
[WhiteTitle "GM"]
[BlackTitle "GM"]
[WhiteElo "2738"]
[BlackElo "2779"]
[WhiteFideId "2805677"]
[BlackFideId "14109603"]
[EventDate "2012.07.01"]

1. d4 Nf6 2. c4 e6 3. Nf3 b6 4. g3 Ba6 5. b3 Bb4+ 6. Bd2 Be7 7. Nc3 O-O 8. Rc1
d5 9. cxd5 exd5 10. Bg2 Nbd7 11. O-O Re8 12. Bf4 Nf8 13. Ne5 Bb7 14. Nb5 Ne6 15.
Nc6 Qd7 16. Nxe7+ Rxe7 17. a4 c6 18. Nc3 Nxf4 19. gxf4 a5 20. e3 Ba6 21. Re1 Rc8
22. Kh1 Ng4 23. Qf3 Bd3 24. Qg3 Rce8 25. Rg1 f5 26. Bh3 Nh6 27. Qh4 Kh8 28. Rg5
Qd6 29. Rh5 Rf7 30. Bf1 Qa3 31. Rd1 Bc2 32. Rd2 Qc1 0-1

[Event "World Rapid Final"]
[Site "Astana KAZ"]
[Date "2012.07.06"]
[Round "1"]
[White "Tkachiev, Vladislav"]
[Black "Mamedyarov, Shakhriyar"]
[Result "1/2-1/2"]
[WhiteTitle "GM"]
[BlackTitle "GM"]
[WhiteElo "2644"]
[BlackElo "2726"]
[WhiteFideId "618438"]
[BlackFideId "13401319"]
[EventDate "2012.07.01"]

1. Nf3 f5 2. b3 Nf6 3. Bb2 g6 4. Bxf6 exf6 5. c4 d5 6. cxd5 Qxd5 7. Nc3 Qa5 8.
a3 c6 9. e3 Qc7 10. b4 Be6 11. g3 Nd7 12. Bg2 Be7 13. Rc1 O-O 14. Nd4 Bf7 15.
Nd5 Qd6 16. Nxe7+ Qxe7 17. O-O a5 18. Rb1 axb4 19. axb4 Ra2 20. Ne2 Ne5 21. Nc3
Ra3 22. Qc1 Rfa8 23. b5 Bc4 24. bxc6 bxc6 25. Rd1 Bb3 26. Nb5 cxb5 27. Rxb3 Rxb3
28. Bxa8 Rd3 29. Qc8+ Kg7 30. Qb7 Qxb7 31. Bxb7 b4 32. Kf1 b3 33. Ba6 Rd6 34.
Be2 b2 35. Rb1 Rxd2 36. Ke1 Rc2 37. Kd1 Rc1+ 38. Rxc1 bxc1=Q+ 39. Kxc1 Ng4 40.
Bxg4 fxg4 41. Kd2 Kf7 42. Kd3 Ke6 43. Ke4 h5 44. Kd4 Kd6 45. e4 Ke6 46. Kd3 Ke5
47. Ke3 Kd6 48. Kd4 Ke6 49. Kd3 Ke5 50. Ke3 Kd6 51. Kd4 Ke6 52. Kd3 Ke5 1/2-1/2

[Event "World Rapid Final"]
[Site "Astana KAZ"]
[Date "2012.07.06"]
[Round "1"]
[White "Ismagambetov, Anuar"]
[Black "Dreev, Aleksey"]
[Result "0-1"]
[WhiteTitle "GM"]
[BlackTitle "GM"]
[WhiteElo "2471"]
[BlackElo "2677"]
[WhiteFideId "13701525"]
[BlackFideId "4100107"]
[EventDate "2012.07.01"]

1. d4 d5 2. c4 c6 3. Nf3 Nf6 4. e3 Bf5 5. Nc3 e6 6. Nh4 Be4 7. f3 Bg6 8. Qb3 Qc7
9. Bd2 Be7 10. g3 Bh5 11. O-O-O Nfd7 12. Be2 Bxh4 13. gxh4 Nb6 14. cxd5 cxd5 15.
Kb1 Nc6 16. Nb5 Qe7 17. Nxa7 Rxa7 18. Qxb6 Bg6+ 19. Ka1 O-O 20. Qb3 Rfa8 21. Rc1
h5 22. Rhg1 Rxa2+ 23. Qxa2 Rxa2+ 24. Kxa2 Qxh4 25. Rg2 e5 26. Be1 Qh3 27. Rg5
exd4 28. Rxd5 dxe3 29. Bc4 Qxf3 30. Bc3 Qf4 31. b3 Qxh2+ 32. Ka3 Kh7 33. Rb5
Qd6+ 34. Kb2 Nd4 35. Rxb7 Qh2+ 36. Ka3 Nc2+ 37. Ka4 Qd6 38. Rg1 Qc6+ 39. Rb5
Qa8+ 40. Ra5 Qe8+ 41. Bb5 Qe4+ 42. Bc4 e2 43. Re5 Qa8+ 44. Ra5 Qe8+ 45. Bb5 Qe4+
46. Bc4 e1=Q 47. Bxe1 Nxe1 0-1

[Event "World Rapid Final"]
[Site "Astana KAZ"]
[Date "2012.07.06"]
[Round "1"]
[White "Grischuk, Alexander"]
[Black "Bologan, Viktor"]
[Result "1-0"]
[WhiteTitle "GM"]
[BlackTitle "GM"]
[WhiteElo "2763"]
[BlackElo "2732"]
[WhiteFideId "4126025"]
[BlackFideId "13900048"]
[EventDate "2012.07.01"]

1. e4 c6 2. d4 d5 3. e5 Bf5 4. Nf3 e6 5. Be2 Ne7 6. O-O h6 7. Nbd2 Bg6 8. Nb3
Nd7 9. Bd2 Nf5 10. Rc1 Be7 11. Ba5 b6 12. Bd2 O-O 13. c4 dxc4 14. Bxc4 Bh5 15.
h3 Bxf3 16. Qxf3 c5 17. Bd3 cxd4 18. Qe4 g6 19. Rfd1 Kh7 20. Qe2 Nc5 21. Bxf5
exf5 22. Bc3 Nxb3 23. axb3 Qd5 24. Rxd4 Qe6 25. b4 Rfd8 26. Qf3 Rac8 27. Rxd8
Rxd8 28. Ra1 Rd7 29. Qa8 Qc4 30. e6 Rd8 31. Qxa7 Qxe6 32. Re1 Rd7 33. Qa8 1-0

[Event "World Rapid Final"]
[Site "Astana KAZ"]
[Date "2012.07.06"]
[Round "1"]
[White "Topalov, Veselin"]
[Black "Morozevich, Alexander"]
[Result "1-0"]
[WhiteTitle "GM"]
[BlackTitle "GM"]
[WhiteElo "2752"]
[BlackElo "2770"]
[WhiteFideId "2900084"]
[BlackFideId "4116992"]
[EventDate "2012.07.01"]

1. e4 e6 2. d4 d5 3. Nc3 Nf6 4. e5 Nfd7 5. f4 c5 6. Nf3 Nc6 7. Be3 Be7 8. dxc5
Bxc5 9. Qd2 Bb4 10. a3 Qa5 11. Rb1 Bxc3 12. bxc3 O-O 13. Bb5 Nb6 14. O-O Nc4 15.
Bxc4 dxc4 16. Ng5 b6 17. Qe1 h6 18. Ne4 Ne7 19. Bd4 Nf5 20. g4 Nxd4 21. cxd4 Qd5
22. Nd6 f5 23. gxf5 exf5 24. c3 Bd7 25. Qg3 Bc6 26. Kf2 Rad8 27. Rg1 Rd7 28.
Rbe1 Qa5 29. e6 Re7 30. Nf7 Rfxf7 31. exf7+ Rxf7 32. Qg6 Bd7 33. Rg3 Qxa3 34.
Qxh6 b5 35. Qh4 Qd6 36. Re5 Qf6 37. Qh5 a5 38. Rg6 Qd8 39. Re3 Qc7 40. Qh4 Bc6
41. Rh3 Kf8 42. Rxc6 1-0

[Event "World Rapid Final"]
[Site "Astana KAZ"]
[Date "2012.07.06"]
[Round "2"]
[White "Carlsen, Magnus"]
[Black "Morozevich, Alexander"]
[Result "1-0"]
[WhiteTitle "GM"]
[BlackTitle "GM"]
[WhiteElo "2837"]
[BlackElo "2770"]
[WhiteFideId "1503014"]
[BlackFideId "4116992"]
[EventDate "2012.07.01"]

1. e4 e6 2. d4 d5 3. Nc3 Nf6 4. e5 Nfd7 5. f4 c5 6. Nf3 Nc6 7. Be3 Be7 8. Qd2 b6
9. Bd3 O-O 10. O-O f6 11. exf6 Nxf6 12. Kh1 c4 13. Be2 Bb4 14. Ne5 Nxe5 15. dxe5
Ne4 16. Qe1 d4 17. Rd1 Nxc3 18. bxc3 Bxc3 19. Qf2 b5 20. Bxd4 Bxd4 21. Rxd4 Qa5
22. Bf3 Rb8 23. Rfd1 Bb7 24. Rd7 Bxf3 25. Qxf3 Rbd8 26. R7d6 Rde8 27. Qg4 Re7
28. Rxe6 Ref7 29. g3 Qxa2 30. Qe2 a5 31. Red6 c3 32. e6 Re7 33. f5 Qa3 34. Qxb5
Qb4 35. Qd5 g6 36. fxg6 hxg6 37. Rd7 Rfe8 38. Re1 a4 39. Kg2 Qb6 40. Re4 Rxe6
41. Rg4 Kh8 42. Rh4+ Kg8 43. Rh6 g5 44. Qxg5+ 1-0

[Event "World Rapid Final"]
[Site "Astana KAZ"]
[Date "2012.07.06"]
[Round "2"]
[White "Bologan, Viktor"]
[Black "Topalov, Veselin"]
[Result "1/2-1/2"]
[WhiteTitle "GM"]
[BlackTitle "GM"]
[WhiteElo "2732"]
[BlackElo "2752"]
[WhiteFideId "13900048"]
[BlackFideId "2900084"]
[EventDate "2012.07.01"]

1. e4 c5 2. Nf3 Nc6 3. Bb5 e6 4. Bxc6 bxc6 5. d3 Ne7 6. Nh4 Ng6 7. Nxg6 hxg6 8.
c4 e5 9. Nc3 g5 10. Be3 d6 11. Qa4 Bd7 12. O-O-O g4 13. Qc2 Be7 14. Rdf1 g6 15.
f4 gxf3 16. Rxf3 Bg4 17. Rf2 Be6 18. Qa4 Qd7 19. Qa6 Rb8 20. Qa4 f5 21. g3 Rh3
22. Re1 Kf7 23. Qd1 Rbh8 24. Qd2 Kg7 25. exf5 gxf5 26. Bg5 Kg6 27. Bxe7 Qxe7 28.
Ne2 Kg7 29. Ng1 R3h5 30. Nf3 Rf8 31. Qc3 Rh6 32. Rfe2 Kg8 33. h4 Rg6 34. Ng5 f4
35. gxf4 Rxf4 36. Nxe6 Qxe6 37. Re4 Qf6 38. h5 Rg2 39. R4e2 Rff2 40. Rxf2 Qxf2
41. a3 Kh7 42. Kb1 Kh6 43. Ka2 Kxh5 44. Qc1 Qd2 45. Qb1 Kg5 46. Rd1 Qe3 47. Re1
Qd2 48. Rd1 Qc2 49. Qxc2 Rxc2 50. Kb3 Rf2 51. Rg1+ Kf5 52. Rg7 Rf3 53. Kc2 e4
54. dxe4+ Kxe4 55. Rxa7 Kd4 56. Rd7 Rf2+ 57. Kb3 d5 58. cxd5 cxd5 59. a4 c4+ 60.
Ka3 Rf3+ 61. Ka2 Rb3 62. Rh7 Kc5 63. Rc7+ Kb4 64. Kb1 Kxa4 65. Kc2 Rh3 66. Rc5
Rd3 67. b3+ Kb4 68. bxc4 Rc3+ 69. Kd2 Rxc4 70. Rxd5 1/2-1/2

[Event "World Rapid Final"]
[Site "Astana KAZ"]
[Date "2012.07.06"]
[Round "2"]
[White "Dreev, Aleksey"]
[Black "Grischuk, Alexander"]
[Result "0-1"]
[WhiteTitle "GM"]
[BlackTitle "GM"]
[WhiteElo "2677"]
[BlackElo "2763"]
[WhiteFideId "4100107"]
[BlackFideId "4126025"]
[EventDate "2012.07.01"]

1. d4 Nf6 2. c4 g6 3. Nc3 Bg7 4. e4 d6 5. f3 O-O 6. Nge2 c5 7. Be3 Nc6 8. d5 Na5
9. Nc1 e6 10. Be2 exd5 11. cxd5 a6 12. Nb3 b5 13. O-O Nd7 14. Nxa5 Qxa5 15. Qd2
Re8 16. a3 Rb8 17. Rfc1 Ne5 18. b4 cxb4 19. Na2 Nc4 20. Bxc4 Bxa1 21. axb4 Qd8
22. Rxa1 bxc4 23. Bd4 f5 24. Qh6 Qe7 25. Re1 Rb7 26. Nc3 Qf8 27. Qg5 Rxb4 28. h4
Rb7 29. h5 Qf7 30. f4 Rb2 31. Re3 Rd2 32. hxg6 Qxg6 33. Rg3 Qxg5 34. Rxg5+ Kf7
35. Rg7+ Kf8 36. Bf6 fxe4 37. Rxh7 e3 38. Kf1 Bf5 39. Ra7 Bg4 40. Bg7+ Kg8 41.
Kg1 e2 42. Nxe2 Rexe2 0-1

[Event "World Rapid Final"]
[Site "Astana KAZ"]
[Date "2012.07.06"]
[Round "2"]
[White "Mamedyarov, Shakhriyar"]
[Black "Ismagambetov, Anuar"]
[Result "1-0"]
[WhiteTitle "GM"]
[BlackTitle "GM"]
[WhiteElo "2726"]
[BlackElo "2471"]
[WhiteFideId "13401319"]
[BlackFideId "13701525"]
[EventDate "2012.07.01"]

1. d4 Nf6 2. c4 e6 3. Nc3 c5 4. d5 exd5 5. cxd5 d6 6. Nf3 g6 7. h3 Bg7 8. e4 O-O
9. Bd3 h6 10. O-O Re8 11. Re1 a6 12. a4 Nbd7 13. Bf4 Qe7 14. Bh2 Nh7 15. a5 Ne5
16. Nxe5 Bxe5 17. f4 Bd4+ 18. Kh1 Qf6 19. Qd2 Bd7 20. Rf1 Qg7 21. Rae1 f5 22.
Qc2 c4 23. Bxc4 Rac8 24. Qb3 Bxc3 25. bxc3 Rxc4 26. Qxc4 Bb5 27. Qb4 Bxf1 28.
Rxf1 fxe4 29. Qxd6 e3 30. Bg1 Nf6 31. Re1 Ne4 32. Qb6 e2 33. Bd4 Qf7 34. Kg1 Nd2
35. Kh1 Kh7 36. d6 Ne4 37. Kg1 Ng3 38. Qc7 Qxc7 39. dxc7 g5 40. fxg5 hxg5 41.
Bf2 Nf5 42. Rxe2 Rc8 43. Bb6 Kg6 44. Rd2 Kf7 45. Rd8 Ne7 46. Kf2 1-0

[Event "World Rapid Final"]
[Site "Astana KAZ"]
[Date "2012.07.06"]
[Round "2"]
[White "Karjakin, Sergey"]
[Black "Tkachiev, Vladislav"]
[Result "1-0"]
[WhiteTitle "GM"]
[BlackTitle "GM"]
[WhiteElo "2779"]
[BlackElo "2644"]
[WhiteFideId "14109603"]
[BlackFideId "618438"]
[EventDate "2012.07.01"]

1. e4 e5 2. Nf3 Nc6 3. Bb5 a6 4. Ba4 Nf6 5. O-O Be7 6. d3 d6 7. c3 O-O 8. Re1
Re8 9. Nbd2 Bf8 10. Nf1 h6 11. Ng3 b5 12. Bc2 Ne7 13. d4 Ng6 14. b3 c5 15. d5
Bd7 16. a4 Qc7 17. h3 Reb8 18. Be3 Qd8 19. Qd2 bxa4 20. bxa4 Rb2 21. Reb1 Rab8
22. Rxb2 Rxb2 23. Qc1 Rb8 24. Bd3 Qa5 25. Nd2 Be7 26. Bf1 Bd8 27. Qc2 Ne7 28.
Bd3 Ng6 29. Ne2 Ne8 30. Nf3 Nh4 31. Nxh4 Bxh4 32. Qc1 Nf6 33. Bxh6 c4 34. Bc2
gxh6 35. Qxh6 Bxf2+ 36. Kxf2 Nh7 37. Qxd6 Rb2 38. Rc1 Bxa4 39. Bxa4 Qxa4 40.
Qxe5 Qb5 41. Kf3 Qb6 42. Nd4 Qf6+ 43. Qxf6 Nxf6 44. Ra1 Rb6 45. Ra4 Nd7 46. Kf4
Rb2 47. g4 Rh2 48. Kg3 Rd2 49. Rxc4 Ne5 50. Rc8+ Kh7 51. Kf4 Ng6+ 52. Kg5 Rd3
53. d6 Ne5 54. Kf6 1-0

[Event "World Rapid Final"]
[Site "Astana KAZ"]
[Date "2012.07.06"]
[Round "2"]
[White "Radjabov, Teimour"]
[Black "Kurnosov, Igor"]
[Result "1-0"]
[WhiteTitle "GM"]
[BlackTitle "GM"]
[WhiteElo "2788"]
[BlackElo "2663"]
[WhiteFideId "13400924"]
[BlackFideId "4142527"]
[EventDate "2012.07.01"]

1. d4 Nf6 2. c4 g6 3. Nc3 d5 4. cxd5 Nxd5 5. e4 Nxc3 6. bxc3 Bg7 7. Nf3 c5 8.
Rb1 O-O 9. Be2 b6 10. O-O Qc7 11. Qd3 e6 12. Bg5 Ba6 13. Qe3 Bxe2 14. Qxe2 Nc6
15. Rfd1 Na5 16. Rbc1 Rac8 17. d5 exd5 18. exd5 Rfe8 19. Qb5 Nb7 20. Qa4 Nd6 21.
Bf4 Rcd8 22. Nd2 b5 23. Qc2 Qb7 24. Bxd6 Rxd6 25. Ne4 Rdd8 26. Nxc5 Qc8 27. Nb3
Re5 28. d6 Qb8 29. d7 Qc7 30. c4 bxc4 31. Qxc4 Qxc4 32. Rxc4 Rxd7 33. Rdc1 Bh6
34. Rb1 Re2 35. Ra4 Rc7 36. h4 Bg7 37. Rd1 h5 38. Rd2 Rxd2 39. Nxd2 Bf8 40. Ne4
Be7 41. g3 Kg7 42. Kg2 f5 43. Nd2 Bc5 44. Kf3 Bb6 45. Nc4 Kf6 46. Rb4 Bc5 47.
Ra4 Bb6 48. Nxb6 axb6 49. Rb4 Rc6 50. Kf4 Re6 51. a3 Rd6 52. Ke3 g5 53. Rb5 Re6+
54. Kd3 Rd6+ 55. Kc4 gxh4 56. gxh4 Ke6 57. a4 Rc6+ 58. Kb3 Rd6 59. f4 Rd3+ 60.
Kc4 Rd6 61. Re5+ Kf6 62. Rd5 Ke6 63. Rb5 Rc6+ 64. Kb4 Rd6 65. Kb3 Rd3+ 66. Kc4
Rd6 67. Re5+ Kf6 68. Re8 Rd1 69. Rb8 Rb1 70. Kc3 Ke6 71. a5 b5 72. Kd4 Kd6 73.
Rb6+ Kc7 74. Ke5 b4 75. Kxf5 b3 76. Kg5 Ra1 77. Rxb3 Rxa5+ 78. Kg6 Kd7 79. Rb4
Ra6+ 80. Kg7 Ke6 81. Rb5 Ra7+ 82. Kg6 Ke7 83. f5 Ra4 84. f6+ Ke6 85. Rb6+ Ke5
86. f7 Rg4+ 87. Kxh5 Rf4 88. Kg6 Rg4+ 89. Kh7 Rxh4+ 90. Kg7 Rg4+ 91. Rg6 1-0

[Event "World Rapid Final"]
[Site "Astana KAZ"]
[Date "2012.07.06"]
[Round "2"]
[White "Kazhgaleyev, Murtas"]
[Black "Svidler, Peter"]
[Result "1/2-1/2"]
[WhiteTitle "GM"]
[BlackTitle "GM"]
[WhiteElo "2589"]
[BlackElo "2749"]
[WhiteFideId "13700316"]
[BlackFideId "4102142"]
[EventDate "2012.07.01"]

1. d4 Nf6 2. c4 g6 3. Nc3 d5 4. Nf3 Bg7 5. e3 O-O 6. cxd5 Nxd5 7. Bc4 Nb6 8. Bb3
c5 9. O-O c4 10. Bc2 Nc6 11. h3 h6 12. Qe2 Qc7 13. e4 e5 14. dxe5 Be6 15. Bf4
Rad8 16. Nb5 Qe7 17. Rfd1 Nd7 18. Nd6 Ndxe5 19. Bxe5 Nxe5 20. Nxe5 Rxd6 21. Nxc4
Rc6 22. Bb3 Rfc8 23. Ne3 Bxb3 24. axb3 Qxe4 25. Rxa7 Rc2 26. Qg4 Qxg4 27. hxg4
R2c7 28. Rd2 Bf8 29. Nd5 Rc1+ 30. Kh2 R8c2 31. Rxc2 Rxc2 32. f4 b5 33. Rb7 Rxb2
34. Rxb5 Bd6 35. Rb6 Bc5 36. Rc6 Bd4 37. b4 Kg7 38. Rc4 Bf2 39. f5 gxf5 40. gxf5
h5 41. Rc6 Rb3 42. Rc3 Rb2 43. Kh3 Kh6 44. f6 Be1 45. Rd3 Kg5 46. Re3 Bxb4 47.
Re5+ Kg6 48. Nf4+ Kxf6 49. Rxh5 Bd6 50. g3 Bxf4 51. gxf4 1/2-1/2

[Event "World Rapid Final"]
[Site "Astana KAZ"]
[Date "2012.07.06"]
[Round "3"]
[White "Svidler, Peter"]
[Black "Carlsen, Magnus"]
[Result "1/2-1/2"]
[WhiteTitle "GM"]
[BlackTitle "GM"]
[WhiteElo "2749"]
[BlackElo "2837"]
[WhiteFideId "4102142"]
[BlackFideId "1503014"]
[EventDate "2012.07.01"]

1. c4 g6 2. Nf3 Bg7 3. g3 c5 4. Bg2 Nc6 5. O-O Nh6 6. Nc3 Nf5 7. a3 O-O 8. b4
Nxb4 9. axb4 cxb4 10. d4 bxc3 11. e4 Nd6 12. Qd3 b5 13. cxb5 Qb6 14. Ba3 Qxb5
15. Qc2 Ba6 16. e5 Nf5 17. g4 Nxd4 18. Nxd4 Qxe5 19. Rfd1 Rac8 20. Bc1 Bc4 21.
Rxa7 d5 22. Be3 Qd6 23. f4 e5 24. fxe5 Qxe5 25. Bf2 Rfe8 26. Ra3 Qf4 27. Rxc3
Be5 28. Rg3 Ra8 29. Ne2 Qg5 30. Nc3 Bxg3 31. hxg3 Rac8 32. Rd4 Re5 33. Qd2 Qxd2
34. Rxd2 Rd8 35. Bd4 Re6 36. g5 Rde8 37. Bxd5 Bxd5 38. Nxd5 Rc8 39. Nf6+ Kg7 40.
Ng4+ Kf8 41. Kf2 Rec6 42. Kf3 Rd8 43. Bg7+ Kxg7 44. Rxd8 Rc5 45. Ne3 Rxg5 46.
Rd7 h5 47. Ra7 Rc5 48. Rb7 Kf6 49. Rb6+ Kg5 50. Rd6 Rc3 51. Rd5+ f5 52. Rd6 Ra3
53. Rb6 Rd3 54. Ra6 Rb3 55. Rc6 Ra3 56. Rb6 Rc3 57. Ra6 Rb3 1/2-1/2

[Event "World Rapid Final"]
[Site "Astana KAZ"]
[Date "2012.07.06"]
[Round "3"]
[White "Kurnosov, Igor"]
[Black "Kazhgaleyev, Murtas"]
[Result "1-0"]
[WhiteTitle "GM"]
[BlackTitle "GM"]
[WhiteElo "2663"]
[BlackElo "2589"]
[WhiteFideId "4142527"]
[BlackFideId "13700316"]
[EventDate "2012.07.01"]

1. e4 e5 2. Nf3 Nc6 3. Bb5 a6 4. Ba4 Nf6 5. O-O b5 6. Bb3 Bc5 7. a4 Rb8 8. c3 d6
9. d4 Bb6 10. Na3 O-O 11. axb5 axb5 12. Nxb5 Bg4 13. Bc2 exd4 14. Nbxd4 Nxd4 15.
cxd4 Bxf3 16. gxf3 Nh5 17. Kh1 Qf6 18. Be3 Ra8 19. Rxa8 Rxa8 20. Rg1 Nf4 21. Bb3
g6 22. e5 dxe5 23. dxe5 Qxe5 24. Bxf7+ Kxf7 25. Bxf4 Qb5 26. b4 Qc4 27. Qd7+ Kg8
28. Re1 Bxf2 29. Re8+ Rxe8 30. Qxe8+ Kg7 31. Qe7+ Kg8 32. Qd8+ Kf7 33. Qd7+ Kf6
34. Qd8+ Kf7 35. Qxc7+ Qxc7 36. Bxc7 Ke6 37. Kg2 Be3 38. Kg3 Kd5 39. Kg4 Kc4 40.
Bf4 Bd4 41. Kg5 Kxb4 42. Kh6 Kc4 43. Kxh7 Kd3 44. Bg5 Bg1 45. h3 Ke2 46. f4 Kf3
47. Kxg6 Bf2 48. f5 1-0

[Event "World Rapid Final"]
[Site "Astana KAZ"]
[Date "2012.07.06"]
[Round "3"]
[White "Gelfand, Boris"]
[Black "Radjabov, Teimour"]
[Result "1/2-1/2"]
[WhiteTitle "GM"]
[BlackTitle "GM"]
[WhiteElo "2738"]
[BlackElo "2788"]
[WhiteFideId "2805677"]
[BlackFideId "13400924"]
[EventDate "2012.07.01"]

1. d4 Nf6 2. c4 g6 3. Nc3 Bg7 4. e4 d6 5. Nf3 O-O 6. Be2 e5 7. O-O exd4 8. Nxd4
Re8 9. f3 Nh5 10. g4 Nf6 11. Bg5 h6 12. Be3 Nc6 13. Kh1 Nxd4 14. Bxd4 Be6 15.
Qd2 g5 16. Rad1 Nd7 17. Bxg7 Kxg7 18. f4 gxf4 19. Qxf4 Qg5 20. Qg3 Ne5 21. b3
Kh7 22. Nd5 Bxd5 23. exd5 Rg8 24. Rf4 Rg7 25. Rdf1 Rh8 26. Bd3+ Nxd3 27. Qxd3+
Qg6 28. Qe3 Ra8 29. h3 Qg5 30. Qf2 Re8 31. Rxf7 b6 32. Rxg7+ Qxg7 33. Qf7 Re7
34. Qf5+ Qg6 35. Kg2 Re2+ 36. Rf2 Qxf5 37. gxf5 Re5 38. Kg3 Kg7 39. Kg4 Kf6 40.
Kh5 b5 41. h4 bxc4 42. bxc4 Re4 43. Rh2 Rxc4 44. Kxh6 Rd4 45. h5 Rxd5 46. Kh7
Kf7 47. h6 Rxf5 48. Rg2 Rf1 49. Rg7+ Kf8 50. Rg8+ Kf7 51. Rg7+ Kf8 52. Rg8+ Kf7
53. Rg7+ 1/2-1/2

[Event "World Rapid Final"]
[Site "Astana KAZ"]
[Date "2012.07.06"]
[Round "3"]
[White "Tkachiev, Vladislav"]
[Black "Ivanchuk, Vassily"]
[Result "1/2-1/2"]
[WhiteTitle "GM"]
[BlackTitle "GM"]
[WhiteElo "2644"]
[BlackElo "2769"]
[WhiteFideId "618438"]
[BlackFideId "14100010"]
[EventDate "2012.07.01"]

1. d4 Nf6 2. c4 g6 3. Nf3 Bg7 4. g3 c6 5. Bg2 d5 6. cxd5 cxd5 7. Nc3 O-O 8. Ne5
Bf5 9. O-O Ne4 10. Bf4 Nc6 11. Rc1 Nxe5 12. Bxe5 Rc8 13. Bxg7 Kxg7 14. Nxe4 Bxe4
15. Qd2 Bxg2 16. Rxc8 Qxc8 17. Kxg2 Qe6 18. Rc1 Rc8 19. Rxc8 Qxc8 20. Qe3 Qd7
21. Qe5+ f6 22. Qe3 a6 23. b3 Kf7 24. Qh6 Kg8 25. Qe3 Kf7 26. Qh6 1/2-1/2

[Event "World Rapid Final"]
[Site "Astana KAZ"]
[Date "2012.07.06"]
[Round "3"]
[White "Ismagambetov, Anuar"]
[Black "Karjakin, Sergey"]
[Result "0-1"]
[WhiteTitle "GM"]
[BlackTitle "GM"]
[WhiteElo "2471"]
[BlackElo "2779"]
[WhiteFideId "13701525"]
[BlackFideId "14109603"]
[EventDate "2012.07.01"]

1. d4 d5 2. c4 c6 3. Nf3 Nf6 4. e3 Bf5 5. Nc3 e6 6. Nh4 Bg6 7. Be2 Nbd7 8. g3
Bd6 9. O-O Qe7 10. Bd2 dxc4 11. Bxc4 Nb6 12. Be2 O-O-O 13. a4 Kb8 14. Qb3 Ne4
15. Nxe4 Bxe4 16. a5 Nd7 17. f3 g5 18. Ng2 Bd5 19. Qc2 c5 20. a6 b6 21. e4 Ba8
22. e5 Bc7 23. Rac1 Rc8 24. dxc5 Nxc5 25. f4 Ne4 26. Be3 Bxe5 27. Qb3 Bd5 28.
Bc4 Rxc4 29. Rxc4 gxf4 30. gxf4 Rg8 31. Bxb6 Rxg2+ 32. Kh1 0-1

[Event "World Rapid Final"]
[Site "Astana KAZ"]
[Date "2012.07.06"]
[Round "3"]
[White "Grischuk, Alexander"]
[Black "Mamedyarov, Shakhriyar"]
[Result "1-0"]
[WhiteTitle "GM"]
[BlackTitle "GM"]
[WhiteElo "2763"]
[BlackElo "2726"]
[WhiteFideId "4126025"]
[BlackFideId "13401319"]
[EventDate "2012.07.01"]

1. e4 e5 2. Nf3 d6 3. d4 exd4 4. Nxd4 Nf6 5. Nc3 Be7 6. Bf4 O-O 7. Qd2 d5 8.
Ndb5 c6 9. Nc7 Bb4 10. O-O-O Nxe4 11. Qd4 Nxc3 12. bxc3 Ba3+ 13. Kb1 Nd7 14. Qa4
Be7 15. Nxa8 Nc5 16. Qxa7 Ne4 17. Be5 Bc5 18. Qa4 Qe7 19. Bd3 Qxe5 20. Bxe4 dxe4
21. Rhe1 Bf5 22. g4 b5 23. Qa5 Bxg4 24. Rd8 g6 25. Rxf8+ Bxf8 26. Qd8 Bf5 27.
Kb2 b4 28. Re3 bxc3+ 29. Rxc3 Kg7 30. Nc7 Ba3+ 31. Kb3 Be7 32. Qb8 Kh6 33. Rxc6
Bd7 34. Qb6 Bxc6 35. Qxc6 Qxh2 36. Nd5 Bh4 37. Qe8 Qh3+ 38. c3 Qf5 39. Ne3 Qe6+
40. Qxe6 fxe6 41. c4 Kg7 42. c5 Kf7 43. Ng4 Ke7 44. Kc4 h5 45. Ne5 g5 46. f4 e3
47. Kd3 Bg3 48. Ng6+ Kd8 49. fxg5 Kd7 50. Kxe3 Kc6 51. Kf3 1-0